Strategické plánovanie : vybrané problémy /

Main Author: Blašková, Mária, 1946-
Corporate Author: Ekonomická univerzita v Bratislave. Národohospodárska fakulta
Language: Slovak
Published: Bratislava : Ekonóm, 1996
Edition: Vyd. 1.
Physical Description: 150 s. ; 29 cm
Book
Saved in:
LEADER 00930nam a2200253 a 4500
001 000090860
003 CZ BrMZK
005 19960713143423.0
008 960925s1996 xo f slo d
020 |a 80-225-0748-2 
040 |a BOA001  |b cze 
080 |a 338.26(075.8)  |2 MRF 
080 |a 658.5(075.8)  |2 MRF 
100 1 |a Blašková, Mária,  |d 1946-  |7 mzk2007424227  |4 aut 
245 1 0 |a Strategické plánovanie :  |b vybrané problémy /  |c Mária Blašková 
250 |a Vyd. 1. 
260 |a Bratislava :  |b Ekonóm,  |c 1996 
300 |a 150 s. ;  |c 29 cm 
500 |a Určeno pro posl. fak. národohosp. Ekon. univ. v Bratislavě. - Bibliogr. 
653 0 |a strategické plánování 
710 2 |a Ekonomická univerzita v Bratislave.  |b Národohospodárska fakulta  |7 mzk2002157192 
910 |a BOA001  |b TK-A-0259.472 
990 |a BK 
996 7 |b 2620004858  |c TK-A-0259.472  |l MZK  |r Sklad / do 24 hodin  |n 23  |p kup  |w 000090860  |u 000010  |a 1  |e BOA001  |j MZK50  |s A